Az éjszaka költeményei.

Uložené v:
Podrobná bibliografia
Hlavný autor: Nezval, Vítězslav
Médium: Kniha
Jazyk:Slovak
Vydané: 1966.
Fyzický popis: 300 s.
Tagy: Pridať tag
Žiadne tagy, Buďte prvý kto otaguje tento záznam!

MARC

LEADER 00000nam a22000004a 4500
001 000575283
005 20180321102801.0
008 180321s1966 xo e 000 0 slo d
040 |a SVKKK  |b slo  |c SVKKK  |e AACR2 
100 1 |a Nezval, Vítězslav 
245 1 0 |a Az éjszaka költeményei. 
260 |c 1966. 
300 |a 300 s. 
500 |a Záznam revízie 
910 |a svkkk 
998 |a BK 
090 |g SCKHL  |k Sklad Hlavná 10 suterén  |a I.33814  |j 412276  |i 2720636794  |s Absenčne